LEADER 00870nam0-22002891i-450- 001 990000056260403321 035 $a000005626 035 $aFED01000005626 035 $a(Aleph)000005626FED01 035 $a000005626 100 $a20011111d--------km-y0itay50------ba 101 0 $aita 105 $ay-------001yy 200 1 $a<>chemins de fer aeriens$eleur construction et leurs applications$fP. Stephan$gtraduit de l'allemand par A.Moreau$gedition revue et augmentée. 210 $aParis$cL. Geisler$d1912 215 $aVI, 277 p., 2 tav.$cill.$d25 cm 610 0 $aTeleferiche 676 $a625.5 700 1$aStephan,$bP.$0332058 801 0$aIT$bUNINA$gRICA$2UNIMARC 901 $aBK 912 $a990000056260403321 952 $a13 E 45 04$b2173$fFINBC 959 $aFINBC 996 $aChemins de fer aeriens$9111799 997 $aUNINA DB $aING01 LEADER 00879nam0-2200325---450- 001 990008856970403321 005 20091020094510.0 010 $a2-13-037572-3 035 $a000885697 035 $aFED01000885697 035 $a(Aleph)000885697FED01 035 $a000885697 100 $a20090520d1982----km-y0itay50------ba 101 0 $afre 102 $aFR 105 $ay-------001yy 200 1 $a<>positivisme$fAngèle Kremer-Marietti 210 $aParis$cPresses universitaires de France$d1982 215 $a127 p.$d18 cm 225 1 $aQue sais-je?$v2034 610 0 $aFilosofia 610 0 $aStoria della filosofia 700 1$aKremer-Marietti,$bAngèle$0409199 801 0$aIT$bUNINA$gRICA$2UNIMARC 901 $aBK 912 $a990008856970403321 952 $aF.D.i. 0285$bF.D.i. 285$fFI1 959 $aFI1 996 $aPositivisme$9804384 997 $aUNINA